000 00465nam a2200169Ia 4500
008 230917s9999||||xx |||||||||||||| ||und||
020 _cRS650
040 _e252980
_aMAIN
041 _aEnglish
082 _a613.7 S58P
100 _aSanjay Kumar
245 0 _aPhysical fitness wellness and lifestyle
260 _aNew Delhi
_bUniversity Publication
_c2017
300 _avii, 152 p.
500 _a3394 02/01/2019 RBP19/73474 14/01/2019 Main Budget
942 _cBK
999 _c29817
_d29817